Condiciones de trabajo y salud de los trabajadores: El caso del régimen rotativo de trabajo /
Сохранить в:
| Главный автор: | |
|---|---|
| Формат: | Текст |
| Предметы: | |
| Метки: |
Добавить метку
Нет меток, Требуется 1-ая метка записи!
|
MARC
| LEADER | 00000 a a2200000 04500 | ||
|---|---|---|---|
| 001 | 47440 | ||
| 003 | |||
| 040 | |||
| 090 | |a REV0857 3 (8) 1977 | ||
| 100 | |a Simard, Marcel | ||
| 245 | |a Condiciones de trabajo y salud de los trabajadores: |b El caso del régimen rotativo de trabajo / |c Marcel Simard | ||
| 650 | |a TRABAJO | ||
| 650 | |a SALUD | ||
| 650 | |a TRABAJADORES | ||
| 650 | |a ENFERMEDADES | ||
| 773 | |g volumen3, número8, setiembre-diciembre (1977) | ||
| 999 | |c 39680 |d 39680 | ||
